Seas By Shape - Statistics

General Stats
  • This quiz has been taken 173 times
  • The average score is 6 of 10
Answer Stats
Picture Answer % Correct
Mediterranean Sea
97%
Black Sea
88%
Caspian Sea
86%
Red Sea
84%
Baltic Sea
59%
Caribbean Sea
43%
Hudson Bay
42%
Gulf of Mexico
40%
Bay Of Bengal
31%
Bering Sea
14%
No matching quizzes found
Score Distribution
Percent of People with Each Score
Percentile by Number Answered
Your Score History
You have not taken this quiz